[Event "Bolton Lamb Memorial"]
[Site "Bolton"]
[Date "2024.08.18"]
[Round "5"]
[White "Lee, Daniel T"]
[Black "Arkell, Keith C"]
[Result "0-1"]
[WhiteElo "1941"]
[BlackElo "2382"]
[PlyCount "141"]
[EventDate "2024.08.16"]
[EventType "swiss"]
[EventRounds "5"]
[EventCountry "ENG"]
[SourceTitle "CBM 221 Extra"]
[Source "ChessBase"]
[SourceDate "2024.09.30"]
[SourceVersion "1"]
[SourceVersionDate "2024.09.30"]
[SourceQuality "1"]

1. d4 e6 2. Nf3 Nf6 3. g3 b5 4. Bg2 Bb7 5. 0-0 c5 6. c3 Be7 7. a4 b4 8. dxc5 Bxc5 9. cxb4 Bxb4 10. Bd2 Na6 11. Nc3 0-0 12. Ne5 Bxg2 13. Kxg2 Qc7 14. Nd3 Qb7+ 15. Kg1 Be7 16. Rb1 Nb4 17. Nxb4 Bxb4 18. Nb5 Bxd2 19. Qxd2 a6 20. Nd6 Qb3 21. a5 Rfb8 22. Rfc1 Qd5 23. Qxd5 Nxd5 24. e4 Nf6 25. b4 Kf8 26. f3 Ke7 27. Nc4 Ra7 28. Nb6 Kd8 29. Rc5 Ne8 30. Rbc1 Rab7 31. Kf2 f6 32. Ke3 Nd6 33. h4 g6 34. g4 h6 35. h5 g5 36. Kd4 Ke7 37. Kd3 Nf7 38. Rc7 Ne5+ 39. Ke3 Rxb6 40. axb6 Rxb6 41. Rb1 Nc6 42. Rc8 Nxb4 43. Ke2 a5 44. Ra8 Rb5 45. Rh8 Rc5 46. Rb2 Rc1 47. Rh7+ Kd6 48. Rxh6 Rh1 49. Rd2+ Ke5 50. Rxd7 Rh2+ 51. Kd1 a4 52. Ra7 Nd3 53. Rh8 Kf4 54. Rd8 Ke3 55. Rxd3+ Kxd3 56. Rd7+ Ke3 57. Ra7 Kxf3 58. Rxa4 Kxg4 59. Ra6 f5 60. Rxe6 fxe4 61. Rxe4+ Kf3 62. Re8 Rxh5 63. Rf8+ Ke3 64. Re8+ Kf2 65. Rf8+ Kg3 66. Rf5 Rh1+ 67. Ke2 g4 68. Rf8 Kg2 69. Rf2+ Kh3 70. Rf8 g3 71. Rh8+ 0-1

[Event "Bolton Lamb Memorial"]
[Site "Bolton"]
[Date "2024.08.17"]
[Round "2"]
[White "Arkell, Keith C"]
[Black "McLean, Robert"]
[Result "1/2-1/2"]
[WhiteElo "2382"]
[BlackElo "1972"]
[PlyCount "112"]
[EventDate "2024.08.16"]
[EventType "swiss"]
[EventRounds "5"]
[EventCountry "ENG"]
[SourceTitle "CBM 221 Extra"]
[Source "ChessBase"]
[SourceDate "2024.09.30"]
[SourceVersion "1"]
[SourceVersionDate "2024.09.30"]
[SourceQuality "1"]

1. d4 d5 2. Nf3 Nf6 3. c3 c6 4. Bg5 Bf5 5. Bxf6 exf6 6. e3 Bd6 7. Bd3 Bg6 8. h4 Qb6 9. b3 a5 10. h5 Bxd3 11. Qxd3 a4 12. b4 0-0 13. Nh4 Re8 14. Nd2 Qb5 15. Ke2 Nd7 16. Nf5 Bf8 17. Rh4 Qxd3+ 18. Kxd3 b5 19. Rah1 Nb6 20. Kc2 Ra7 21. g4 g6 22. hxg6 fxg6 23. Ng3 Bd6 24. Ne2 Rf7 25. Nc1 Ree7 26. Nd3 f5 27. gxf5 Rxf5 28. f4 Rxe3 29. Rxh7 Bxf4 30. Rh8+ Kg7 31. R1h7+ Kf6 32. Rf8+ Kg5 33. Rxf5+ gxf5 34. Rg7+ Kf6 35. Rb7 Bg5 36. Nf1 Rf3 37. Rxb6 Rxf1 38. Rxc6+ Ke7 39. Rc5 Ra1 40. Rxd5 Rxa2+ 41. Kb1 Rd2 42. Ne5 Rd1+ 43. Kb2 Rd2+ 44. Ka3 Rc2 45. Rxb5 Rxc3+ 46. Kxa4 Ke6 47. Nc6 Be3 48. d5+ Kd6 49. Nd8 Ke7 50. Ne6 f4 51. Ng5 Rd3 52. Ne4 Rd4 53. Rb7+ Kd8 54. Ng5 Rxd5 55. Ne6+ Kc8 56. Rf7 Re5 1/2-1/2

[Event "BCF-ch Seniors 50"]
[Site "Hull"]
[Date "2024.08.02"]
[Round "5"]
[White "Arkell, Keith C"]
[Black "Farrell, Neil"]
[Result "1-0"]
[WhiteElo "2386"]
[BlackElo "2099"]
[PlyCount "95"]
[EventDate "2024.07.29"]
[EventType "swiss"]
[EventRounds "7"]
[EventCountry "ENG"]
[SourceTitle "CBM 221 Extra"]
[Source "ChessBase"]
[SourceDate "2024.09.30"]
[SourceVersion "1"]
[SourceVersionDate "2024.09.30"]
[SourceQuality "1"]

1. d4 e6 2. c4 Nf6 3. Nf3 d5 4. cxd5 exd5 5. Nc3 a6 6. Bg5 Be6 7. e3 Nbd7 8. Bd3 Bd6 9. 0-0 c6 10. Bf4 Qc7 11. Ne2 Bg4 12. Bxd6 Qxd6 13. Ng3 g6 14. h3 Bxf3 15. Qxf3 0-0 16. a3 c5 17. dxc5 Nxc5 18. Rad1 Qe5 19. b4 Nce4 20. Bxe4 dxe4 21. Qf4 Rfe8 22. Qxe5 Rxe5 23. Rd6 Kg7 24. Rc1 a5 25. Rb6 axb4 26. axb4 Re7 27. Ne2 Ra3 28. g4 h6 29. Rc5 Rd7 30. Nd4 Ra1+ 31. Kg2 Rb1 32. Rbb5 Rb2 33. Kg3 b6 34. Rxb6 Nd5 35. Rb8 Rd6 36. Rc6 Rxc6 37. Nxc6 Kf6 38. Rb7 g5 39. Rb5 Ke6 40. Nd8+ Ke5 41. Nxf7+ Ke6 42. Nxh6 Rxb4 43. Ra5 Rb7 44. Nf5 Ke5 45. Ra8 Nf6 46. Ra6 Rd7 47. Nd4 Rd6 48. f4+ 1-0

[Event "BCF-ch Seniors 50"]
[Site "Hull"]
[Date "2024.07.30"]
[Round "2"]
[White "Ciuravin, Andrei"]
[Black "Arkell, Keith C"]
[Result "0-1"]
[WhiteElo "2044"]
[BlackElo "2386"]
[PlyCount "96"]
[EventDate "2024.07.29"]
[EventType "swiss"]
[EventRounds "7"]
[EventCountry "ENG"]
[SourceTitle "CBM 221 Extra"]
[Source "ChessBase"]
[SourceDate "2024.09.30"]
[SourceVersion "1"]
[SourceVersionDate "2024.09.30"]
[SourceQuality "1"]

1. d4 Nf6 2. Bg5 d5 3. Bxf6 exf6 4. e3 c6 5. Nd2 f5 6. g3 Nd7 7. Bg2 Nf6 8. Ne2 Ne4 9. a3 Bd6 10. Qc1 Be6 11. b3 b5 12. c4 bxc4 13. bxc4 Qa5 14. c5 Bc7 15. f3 Nxd2 16. Qxd2 Rb8 17. Qxa5 Bxa5+ 18. Kf2 Kd7 19. Rab1 g5 20. Rhc1 Kc7 21. Bf1 h5 22. h4 f4 23. gxf4 gxh4 24. e4 dxe4 25. fxe4 Ba2 26. Rxb8 Rxb8 27. Bg2 Rb2 28. Rh1 Bc4 29. Bf3 Bc3 30. Ke3 Bd2+ 31. Kf2 f5 32. exf5 Bc3 33. Rxh4 Bxd4+ 34. Kf1 Bxc5 35. Rxh5 Rb3 36. Kg2 Rb2 37. Kf1 Bxa3 38. f6 Kb6 39. Rh8 Rd2 40. Bh5 Rd6 41. Rh6 a5 42. Rg6 Bb2 43. Kf2 Rxf6 44. Rxf6 Bxf6 45. Ke3 a4 46. Kd2 a3 47. Nc1 a2 48. Nxa2 Bxa2 0-1

[Event "BCF-ch Seniors 50"]
[Site "Hull"]
[Date "2024.07.29"]
[Round "1"]
[White "Arkell, Keith C"]
[Black "Brown, Alan M"]
[Result "1-0"]
[WhiteElo "2386"]
[BlackElo "1974"]
[PlyCount "61"]
[EventDate "2024.07.29"]
[EventType "swiss"]
[EventRounds "7"]
[EventCountry "ENG"]
[SourceTitle "CBM 221 Extra"]
[Source "ChessBase"]
[SourceDate "2024.09.30"]
[SourceVersion "1"]
[SourceVersionDate "2024.09.30"]
[SourceQuality "1"]

1. d4 d5 2. c4 e6 3. cxd5 exd5 4. Nf3 Nf6 5. Nc3 Be7 6. Bg5 c6 7. Qc2 h6 8. Bh4 0-0 9. e3 Ne4 10. Bxe7 Qxe7 11. Bd3 f5 12. Ne5 Qf6 13. 0-0 Nd7 14. f4 Nxe5 15. dxe5 Qe7 16. Rac1 Be6 17. Na4 Rac8 18. Bxe4 dxe4 19. Qc5 Qf7 20. Qxa7 Ra8 21. Qd4 Bxa2 22. Qb4 Bd5 23. Nb6 Rad8 24. Rfd1 g5 25. Nxd5 Rxd5 26. Rxd5 Qxd5 27. fxg5 hxg5 28. Qxb7 Qxe5 29. Rxc6 Rb8 30. Rg6+ Kf8 31. Qh7 1-0

[Event "WchT Seniors 50"]
[Site "Krakow"]
[Date "2024.07.05"]
[Round "4.4"]
[White "Thorhallsson, Throstur"]
[Black "Arkell, Keith C"]
[Result "1-0"]
[WhiteElo "2385"]
[BlackElo "2386"]
[PlyCount "81"]
[EventDate "2024.07.02"]
[EventType "team-swiss"]
[EventRounds "9"]
[EventCountry "POL"]
[SourceTitle "CBM 221 Extra"]
[Source "ChessBase"]
[SourceDate "2024.09.30"]
[SourceVersion "1"]
[SourceVersionDate "2024.09.30"]
[SourceQuality "1"]
[WhiteTeam "Iceland 50"]
[BlackTeam "England 50"]
[WhiteTeamCountry "ISL"]
[BlackTeamCountry "ENG"]

1. e4 c6 2. d4 d5 3. exd5 cxd5 4. Bd3 Nc6 5. c3 Nf6 6. h3 g6 7. Nf3 Bf5 8. Be2 Bg7 9. 0-0 0-0 10. Re1 Ne4 11. Bf1 Qb6 12. Qb3 Qxb3 13. axb3 a5 14. Bf4 f6 15. Na3 g5 16. Bh2 h5 17. Nb5 e6 18. Bd3 Nxc3 19. Bxf5 Nxb5 20. Bxe6+ Kh8 21. Bxd5 Nbxd4 22. Nxd4 Nxd4 23. Re7 Rad8 24. Bf7 b5 25. Bxh5 Nxb3 26. Rae1 Nc5 27. Bc7 Rd2 28. Bxa5 Rxb2 29. Rc7 Na6 30. Ra7 Nb4 31. Bxb4 Rxb4 32. Ree7 Rg8 33. g3 f5 34. Rab7 f4 35. g4 f3 36. Bg6 Rb2 37. Be4 Re2 38. Rxb5 Rd8 39. Rxg5 Rd1+ 40. Kh2 Rxf2+ 41. Kg3 1-0

[Event "WchT Seniors 50"]
[Site "Krakow"]
[Date "2024.07.04"]
[Round "3.3"]
[White "Duncan, Christopher R"]
[Black "Arkell, Keith C"]
[Result "1/2-1/2"]
[WhiteElo "2156"]
[BlackElo "2386"]
[PlyCount "43"]
[EventDate "2024.07.02"]
[EventType "team-swiss"]
[EventRounds "9"]
[EventCountry "POL"]
[SourceTitle "CBM 221 Extra"]
[Source "ChessBase"]
[SourceDate "2024.09.30"]
[SourceVersion "1"]
[SourceVersionDate "2024.09.30"]
[SourceQuality "1"]
[WhiteTeam "England 50 II"]
[BlackTeam "England 50"]
[WhiteTeamCountry "ENG"]
[BlackTeamCountry "ENG"]

1. Nf3 d5 2. d4 Nf6 3. c4 c6 4. Nc3 g6 5. cxd5 cxd5 6. Bf4 Nc6 7. e3 a6 8. h3 Bg7 9. Be2 0-0 10. 0-0 e6 11. Ne5 Nxe5 12. Bxe5 Bd7 13. Qb3 Bc6 14. Rfc1 Qd7 15. a4 Rfc8 16. Bd3 Ne8 17. Bxg7 Kxg7 18. Qa3 Nd6 19. b3 Rc7 20. Rc2 Rac8 21. Rac1 Qe7 22. Qb4 1/2-1/2

[Event "Acqui Terme Seniors op 50"]
[Site "Acqui Terme"]
[Date "2024.06.14"]
[Round "7"]
[White "Arkell, Keith C"]
[Black "Cardilli, Mariano"]
[Result "1-0"]
[WhiteElo "2375"]
[BlackElo "1977"]
[PlyCount "101"]
[EventDate "2024.06.08"]
[EventType "swiss"]
[EventRounds "9"]
[EventCountry "ITA"]
[SourceTitle "CBM 220 Extra"]
[Source "ChessBase"]
[SourceDate "2024.07.31"]
[SourceVersion "1"]
[SourceVersionDate "2024.07.31"]
[SourceQuality "1"]

1. c4 c6 2. Nf3 d5 3. e3 Nf6 4. b3 e6 5. Bb2 Nbd7 6. Be2 Bd6 7. d4 0-0 8. Nbd2 b6 9. 0-0 Bb7 10. Ne5 Rc8 11. Bf3 Qe7 12. a3 Rfd8 13. Qe2 c5 14. cxd5 exd5 15. Nxd7 Nxd7 16. dxc5 bxc5 17. g3 Be5 18. Bxe5 Nxe5 19. Bg2 Qf6 20. f4 Nd7 21. Rfd1 Ba6 22. Qf2 Nb6 23. e4 Bb7 24. Rac1 Qe7 25. Re1 d4 26. a4 a5 27. Bf1 h6 28. Bd3 Kf8 29. Qe2 Ra8 30. Qh5 Rac8 31. Rf1 Nd5 32. Rf2 Ne3 33. Re1 Qd6 34. Nc4 Nxc4 35. Bxc4 Rc7 36. h4 Re7 37. Kh2 Qc7 38. e5 Bd5 39. Qf5 Kg8 40. Qd3 Qb7 41. Rc2 Rb8 42. Bxd5 Qxd5 43. Qc4 Qxc4 44. Rxc4 Rxb3 45. Rxc5 Ra7 46. Rc8+ Kh7 47. Rd8 Rb4 48. Rc1 h5 49. f5 Rb2+ 50. Kg1 g6 51. Rcc8 1-0

[Event "Acqui Terme Seniors op 50"]
[Site "Acqui Terme"]
[Date "2024.06.11"]
[Round "4"]
[White "Corvi, Marco"]
[Black "Arkell, Keith C"]
[Result "0-1"]
[WhiteElo "2164"]
[BlackElo "2375"]
[PlyCount "106"]
[EventDate "2024.06.08"]
[EventType "swiss"]
[EventRounds "9"]
[EventCountry "ITA"]
[SourceTitle "CBM 220 Extra"]
[Source "ChessBase"]
[SourceDate "2024.07.31"]
[SourceVersion "1"]
[SourceVersionDate "2024.07.31"]
[SourceQuality "1"]

1. e4 d5 2. exd5 Qxd5 3. Nc3 Qd8 4. d4 Nf6 5. Nf3 Bg4 6. Be2 c6 7. Ne5 Bxe2 8. Nxe2 Nbd7 9. 0-0 g6 10. Nxd7 Qxd7 11. Bf4 Bg7 12. Be5 0-0 13. c3 Rfd8 14. Re1 c5 15. Qb3 Qc6 16. dxc5 Qxc5 17. Bd4 Qc7 18. Ng3 e6 19. Rad1 Ng4 20. Bxg7 Kxg7 21. Qa4 h5 22. h3 Nf6 23. Rxd8 Rxd8 24. Rd1 b5 25. Qb3 a6 26. Rxd8 Qxd8 27. c4 bxc4 28. Qxc4 Qd1+ 29. Nf1 Nd5 30. Kh2 Qb1 31. Ne3 Qxb2 32. Nxd5 exd5 33. Qxa6 Qxf2 34. a4 Qf4+ 35. Kg1 Qe3+ 36. Kh1 d4 37. Qb6 Qe1+ 38. Kh2 Qe5+ 39. Kh1 d3 40. Qf2 Qa1+ 41. Kh2 Qxa4 42. Qb2+ Kh7 43. Kg3 g5 44. Kh2 Qf4+ 45. Kh1 g4 46. hxg4 hxg4 47. Qb1 Qh6+ 48. Kg1 Qe3+ 49. Kh2 Kg7 50. Qb2+ Kg6 51. Qb4 Qe5+ 52. Kh1 g3 53. Qb6+ Kh7 0-1

[Event "Acqui Terme Seniors op 50"]
[Site "Acqui Terme"]
[Date "2024.06.08"]
[Round "1"]
[White "Arkell, Keith C"]
[Black "Melkevik, Johannes"]
[Result "1-0"]
[WhiteElo "2375"]
[BlackElo "1922"]
[PlyCount "69"]
[EventDate "2024.06.08"]
[EventType "swiss"]
[EventRounds "9"]
[EventCountry "ITA"]
[SourceTitle "CBM 220 Extra"]
[Source "ChessBase"]
[SourceDate "2024.07.31"]
[SourceVersion "1"]
[SourceVersionDate "2024.07.31"]
[SourceQuality "1"]

1. c4 d6 2. Nc3 Nf6 3. d4 g6 4. Nf3 Bg7 5. g3 0-0 6. Bg2 Nc6 7. d5 Nb8 8. 0-0 e5 9. e4 a5 10. c5 Na6 11. cxd6 cxd6 12. Be3 b6 13. Nd2 Ng4 14. Nc4 Nxe3 15. Nxe3 Nc5 16. Re1 Ba6 17. Bf1 Bxf1 18. Rxf1 Qd7 19. Nc4 Rfb8 20. a4 Bf8 21. f3 Rb7 22. Nb5 Rc8 23. b3 Nxa4 24. bxa4 Rxc4 25. Rc1 Rc8 26. Rf2 Rbb8 27. Rfc2 Rc5 28. Rxc5 bxc5 29. Qd2 Ra8 30. Rb1 h5 31. Kg2 Kh7 32. Qc2 Rb8 33. Qc3 Qd8 34. Rb3 Rb7 35. Qc4 1-0

[Event "EU-chT Seniors 50"]
[Site "Terme Catez"]
[Date "2024.05.15"]
[Round "9.2"]
[White "Arkell, Keith C"]
[Black "Beaumont, Chris"]
[Result "1-0"]
[WhiteElo "2377"]
[BlackElo "2191"]
[PlyCount "108"]
[EventDate "2024.05.07"]
[EventType "team-swiss"]
[EventRounds "9"]
[EventCountry "SLO"]
[SourceTitle "CBM 220 Extra"]
[Source "ChessBase"]
[SourceDate "2024.07.31"]
[SourceVersion "1"]
[SourceVersionDate "2024.07.31"]
[SourceQuality "1"]
[WhiteTeam "England 50"]
[BlackTeam "England 50 II"]
[WhiteTeamCountry "ENG"]
[BlackTeamCountry "ENG"]

1. d4 Nf6 2. Nf3 g6 3. c4 Bg7 4. g3 0-0 5. Bg2 c5 6. Nc3 cxd4 7. Nxd4 Qc7 8. b3 d5 9. Ndb5 Qa5 10. Bd2 dxc4 11. bxc4 Qd8 12. Bf4 Nh5 13. Qxd8 Rxd8 14. Bd2 Nc6 15. Rc1 Bd7 16. Be3 Rac8 17. Nd5 Nf6 18. Nxa7 Nxd5 19. Bxd5 Nxa7 20. Bxa7 Bc6 21. Bxc6 Rxc6 22. Be3 Ra8 23. 0-0 Rxa2 24. Rfd1 Rd6 25. Kg2 Rxe2 26. c5 Rxd1 27. Rxd1 h5 28. Rd8+ Kh7 29. Rd7 Rb2 30. Rxe7 Kg8 31. Kf3 Kf8 32. Rc7 Be5 33. Rc8+ Ke7 34. Ke4 Bf6 35. Kd5 Kd7 36. Rf8 Ke7 37. Rb8 Kd7 38. h4 Be7 39. Rh8 Rb1 40. Ra8 Rd1+ 41. Kc4 Rb1 42. Rb8 Kc7 43. Rg8 Kd7 44. Rh8 Rb2 45. Kd5 Rb1 46. Rb8 Rd1+ 47. Ke5 Rb1 48. Ke4 Kc7 49. Bf4+ Kd7 50. Kd5 Rd1+ 51. Kc4 Rb1 52. Bd2 Kc7 53. Ra8 Kd7 54. Bb4 Rb2 1-0